000
00339nam a2200133Ia 4500
008
240624s9999 xx 000 0 und d
041
_a
eng
082
_a
005.432 BEN
100
_a
BENZ BRIAN
245
_a
LOTUS NOTES AND DOMINO 6 PROGRAMMING BIB
260
_c
2003
_a
New Delhi
_b
Wiley Dreamtech India
300
_a
xxxii, : 989
365
_c
RS
999
_c
933
_d
933